MDQL
is popping MORE tags! Check the
thread
!
Quizzes
Events
Quiz Creation
Community
Videos
Private Events
Remove Ads
Sign In
Join for FREE
Feedback
Dark Mode
Quiz Categories
Sports
Geography
Music
Movies
Television
Just For Fun
Miscellaneous
History
Literature
Language
Science
Gaming
Entertainment
Religion
Holiday
For Kids
Quiz Lab
Recent
Popular Today
Quiz Kudos Today
Editor Picks
Curator Picks
Quizzes by...
Day
Popularity
Type
Ratings
Length
Year
Community
Subscriptions
Recent Discussions
Orange Saloon
Badges
Playlists
Quests
Create
Leaderboards
Showdown
Live 5
Trivia Bingo
Activity
Puzzle Library
Sporcle Events
Private Events
Virtual Trivia
Globe League
Become a Host
Pub Owners
SporcleCon
Opinionation
Our Games
Videos
Blog
Mobile Apps
Partnerships
Remove Ads and Go Orange
Feedback
Entertainment
Celebrity
Famous
Musical
Broadway
Show
Quote
Comic Books
Anime
Superhero
DC Comics
Marvel
Cartoons
Animation
Entertainment
Celebrity
Famous
Musical
Broadway
Show
Quote
Comic Books
Anime
Superhero
DC Comics
Marvel
Cartoons
Animation
Random Quiz
Search Sporcle
×
Quiz Lab
Quiz Lab
Entertainment
Yu-Gi-Oh Characters
Type in answers that appear in a list
Type in answers that appear in a list
Classic
Best Score? Go Orange.
Yu-Gi-Oh! Archetype and their users. Stats
Who used the following Archetypes in the Anime?
By
OtterFan48
10m
20 Questions
201 Plays
201 Plays
201 Plays
Comments
Comments
Give Quiz Kudos
Give Quiz Kudos
-
- Ratings
hide this ad
Random Order
Randomize order of answers
Randomize order of answers
Replay
Link that replays current quiz
Next Quiz
Link to next quiz in quiz playlist
You Got
0%
They Got
Avg Score
74%
Avg Friend Score
Upgrade to see
Score Distribution
Jump to the score distribution portion of the page
Score
0/20
Timer
10:00
0
Plays Today
Archetype
Character
% Correct
Blue-
Eyes
Seto Kaiba or Kaibaman
95.5%
Destiny HERO
Aster Phoenix
87.6%
Gagaga
Yuma Tsukumo
86.1%
Resonator
Jack Atlas
85.6%
Cyberdark
Zane Truesdale
83.6%
Blackwing
Crow Hogan
83.1%
Shark
Reginald Kastle
83.1%
Morphtronic
Leo
81.6%
Speedroid
Yugo
76.1%
Photon
Kite Tenjo
75.6%
Archetype
Character
% Correct
Red-
Eyes
Atticus Rhodes
74.1%
Supreme King
Z-ARC
71.1%
@Ignister
Ai
71.1%
Timelord
Z-One
70.1%
Rokket
Varis
67.7%
Guardian
Rafael
67.7%
Salamangreat
Soulburner
66.2%
Raidraptor
Shay Obsidian
64.7%
Abyss Actor
Sylvio Sawatari
57.2%
Stormrider
Windy
51.2%
Quiz Playlist
Details
Report
Send in Message
Add To Playlist
Classic:
Type in answers that appear in a list
Random Order:
Randomize order of answers
Last Updated: Sep 10, 2019
Quiz Scoreboard
CHALLENGE
Sign Up to Join the Scoreboard
Show All
Scores
Hide
Comments
May contain spoilers
Recently Published
Find the 'City' Movie
by crazypaving
Movies
60s
5x2 Blitz: Bands
by SL_Kpop136
Music
30s
Colored Red Africa Blitz
by spor1
Geography
30s
More to Explore
Quiz From the Vault
Featured Blog Post
14 Easter Pick-up Lines to Find Eggs With
hide this ad
You Might Also Like...
Tags
Yu-Gi-Oh
Yu-Gi-Oh Characters
Today's Top Quizzes in Entertainment
Browse Entertainment
hide this ad
Top Contributed Quizzes in Entertainment
1
Dragon Ball Z: Goku's Fights in Order
2
Celebrity Spelling Bee
3
Fairy Tail 12-1
4
Marvel Characters Bunker
5
X-Men: 10 to 1
6
'Dear Evan Hansen' Start to Finish
7
Click the 'C' Cartoon Characters II
8
Homestuck Ship Identification (Part 1)
9
How well do you know BTS?
10
Obscure Knowledge - 7 Dirty Words
Explore More
Trending Topics
Disney
Anime
Crossword
Harry Potter
Kpop
NBA
Marvel
The Office
WWE
Pokémon
Puzzle
Soccer
Song
NFL
Country
hide this ad
More By:
OtterFan48
Quiz
Plays
Rating
Category
Featured
Created
Yu-Gi-Oh! Archetype and their users.
201
5.00
Entertainment
Sep 10, 2019
Who did what? Harry Potter
164
2.25
Literature
May 4, 2018
Avatars in Cardfight!! Vanguard
138
3.50
Entertainment
Mar 24, 2021
F1 Facts
116
5.00
Television
Feb 21, 2017
Pokemon by Total Base Stats
46
Gaming
May 24, 2017
Go to Creator's Profile
Score Distribution
Quiz Creator Spotlight
OtterFan48
Follow
Send a Message
Quizzes Created
-
Created Quiz Play Count
-
More By This Creator
Popular Quizzes Today
1
5x2 Blitz: Bands
2
Find the 'City' Movie
3
Colored Red Africa Blitz
4
Find the US States - No Outlines Minefield
5
The Countries of the World
6
Find the US States
7
9x9 Crossword: Cartoon Network
8
US States
More Entertainment Quizzes
Click the Black and White Cartoon Characters
Curator's Pick
Trending Quizzes
Colored Red Africa Blitz II
Colored Red Europe Blitz I
Christmas Pick: Judaism
Colored Red Africa Blitz III
Colored Red Europe Blitz II
Recently Updated
Champions League XIs: Real Madrid
pecheneg
Largest US Cities 1790-2010
pecheneg
Rides in Walt Disney World
pecheneg
Most Oscar Losses (Acting)
pecheneg
Beyoncé Albums
pecheneg
Leaping Animals
pecheneg
Reality TV Shows (A-Z)
bhenderson79
Rickey Henderson's Hall of Fame Teammates
pecheneg
Champions League XIs: Arsenal
pecheneg
Quick Pick: Celebrities in WWE's Hall of Fame
aduchscher
Trending Topics
Disney
Marvel
Harry Potter
Kpop
NBA
Crossword
Anime
Song
WWE
NFL
Puzzle
The Office
Country
Soccer
Pokémon
Your Account Isn't Verified!
In order to create a playlist on Sporcle, you need to verify the email address you used during registration. Go to your
Sporcle Settings
to finish the process.
Report this User
Report this user for behavior that violates our
Community Guidelines
.
Details:
Send Report
Go to the Sporcle.com Mobile Site →
Comments